| 000 | 01103nam a2200205 a 4500 | ||
|---|---|---|---|
| 001 | 56293 | ||
| 005 | 20180714052002.0 | ||
| 008 | 140415s2010 mx 000 0 spa d | ||
| 020 | _a9786074871661 | ||
| 041 | _aspa | ||
| 082 |
_a302.23 _bFUE |
||
| 245 | 0 | 0 | _aCOMUNICACION, MEDIOS Y CRISIS ECONOMICA |
| 250 | _a1a ed. | ||
| 260 |
_aMEXICO : _bBENEMERITA UNIVERSIDAD AUTONOMA DE PUEBLA, _c2010 |
||
| 300 |
_a95 _c14 x 2.3 x 21.5 |
||
| 500 | _aRAUL FUENTES | ||
| 520 | _aCOMUNICACION, MEDIOS Y CRISIS ECONOMICA ES UNA EDICION PRODUCTO DE LA COLABORACION INSTITUCIONAL ENTRE BENEMERITA UNIVERSIDAD AUTONOMA DE PUEBLA Y LA ASOCICION MEXICANA DE INVESTIGADORES, ACADEMICOS Y ESTUDIANTES TIENEN SOBRE LOS FENOMENOS SOCIALES QUE AQUEJAN A LA HUMANIDAD. CONTRIBUYENDO CON PROPUESTAS Y ALTERNATIVAS DE SOLUCION A LAS PROBLEMATICAS ABORDADAS A LO LARGO DEL LIBRO. | ||
| 650 | 1 | 4 |
_aMEDIOS DE COMUNICACION DE MASAS _xMEDIOS DE COMUNICAION DE MASAS _xCRISIS ECONOMICA |
| 700 | 1 |
_aFUENTES NAVARRO, RAUL -GONZALEZ REYNA, SUSANA -MILLAN CAMAPUZANO, MARCO ANTONIO -CARRERA PORTUGAL, ALBERTO _ecoaut. |
|
| 999 |
_c56293 _d56293 |
||